[Event "Open Aubagne 2022/2023"]
[Site "Aubagne"]
[Date "2023.03.25"]
[Round "8.16"]
[White "Rocchia, Alex"]
[Black "Roganova, Jeremy"]
[Result "1-0"]
[WhiteElo "1233"]
[BlackElo "1168"]
[PlyCount "63"]
[WhiteTeam "Cassis Echecs"]
[BlackTeam "Cercle d'Echecs Aubagnais"]

1. e4 c5 2. Nc3 d6 3. f4 Nf6 4. Nf3 e6 5. Bc4 Be7 6. O-O O-O 7. d3 Bd7 8. Qe1
Nc6 9. Bb5 Nd4 10. Nxd4 cxd4 11. Bxd7 dxc3 12. Ba4 Rc8 13. bxc3 Qa5 14. Bb3
Qxc3 15. Bd2 Qc5+ 16. Be3 Qc7 17. Qg3 Nh5 18. Qh3 Qa5 19. e5 g6 20. Bd4 dxe5
21. Bxe5 Bf6 22. Rae1 Bxe5 23. Rxe5 Qd2 24. Qg4 Nf6 25. Qg3 Rfd8 26. f5 exf5
27. Rexf5 Nd7 28. Rxf7 Kh8 29. Qh3 Nf8 30. R7f2 Qb4 31. Rf7 Rd4 32. Qxc8 1-0

[Event "Open Aubagne 2022/2023"]
[Site "Aubagne"]
[Date "2023.03.25"]
[Round "8.17"]
[White "Periale, Albert"]
[Black "Boudet, Nicole"]
[Result "0-1"]
[WhiteElo "1215"]
[BlackElo "1106"]
[PlyCount "64"]
[WhiteTeam "Cercle d'Echecs Aubagnais"]
[BlackTeam "Club d'Echecs Pennois (CEP)"]

1. e4 c5 2. Nf3 d6 3. c3 Nf6 4. d3 a6 5. Bg5 Nbd7 6. Nbd2 e6 7. d4 cxd4 8. cxd4
Be7 9. Be2 O-O 10. O-O b5 11. a3 Bb7 12. e5 dxe5 13. dxe5 Nd5 14. Bxe7 Qxe7 15.
Bd3 Rac8 16. Re1 Nc5 17. Bc2 Nf4 18. Qb1 g6 19. Ne4 Nxe4 20. Bxe4 Rfd8 21. Bxb7
Qxb7 22. Qe4 Qxe4 23. Rxe4 Nd3 24. Re2 Nc5 25. Ree1 Rd5 26. Rac1 Rcd8 27. Rb1
Nd3 28. Red1 Nxe5 29. Rxd5 Nxf3+ 30. gxf3 exd5 31. Kg2 h5 32. b4 d4 0-1

[Event "Open Aubagne 2022/2023"]
[Site "Aubagne"]
[Date "2023.03.25"]
[Round "8.18"]
[White "Turpin, Isabelle"]
[Black "Nakle-Fambon, Gabriel"]
[Result "0-1"]
[WhiteElo "1103"]
[BlackElo "1214"]
[PlyCount "124"]
[WhiteTeam "Cercle d'Echecs Aubagnais"]
[BlackTeam "La Ciotat Echecs (LCE)"]

1. d4 d5 2. Nf3 Nc6 3. h3 Nf6 4. e3 e6 5. c4 Bd6 6. g4 b6 7. g5 Ne4 8. Rg1 Ba6
9. Qc2 Nb4 10. Qa4+ Kf8 11. Bd2 Nxd2 12. Nbxd2 Rb8 13. a3 b5 14. Qd1 Nc6 15. c5
Be7 16. h4 e5 17. b4 exd4 18. exd4 h6 19. g6 fxg6 20. Rxg6 Bxh4 21. Rxc6 Qe8+
22. Be2 Bxf2+ 23. Kxf2 Qxc6 24. Ne5 Qf6+ 25. Ke1 Ke7 26. Qc2 Qh4+ 27. Kd1 Qf6
28. Ng6+ Kf7 29. Nxh8+ Rxh8 30. Bh5+ g6 31. Bf3 Qxd4 32. Ra2 Qg1+ 33. Ke2 Re8+
34. Be4 dxe4 35. Qb3+ Kg7 36. Qc3+ Kh7 37. Ra1 Qg2+ 38. Kd1 Rd8 39. Qe3 Qf1+
40. Qe1 Qxe1+ 41. Kxe1 e3 42. Nf3 Bb7 43. Ke2 Bxf3+ 44. Kxf3 h5 45. Kxe3 Rf8
46. Rd1 Rf7 47. Rd5 h4 48. c6 a6 49. Rg5 Kh6 50. Rg4 g5 51. Rg2 Kh5 52. Rf2
Rxf2 53. Kxf2 g4 54. Kg2 Kg5 55. Kf2 Kf4 56. Kg2 h3+ 57. Kh1 Kf3 58. Kg1 g3 59.
Kh1 g2+ 60. Kh2 Kf2 61. a4 g1=Q+ 62. Kxh3 Qg3# 0-1

[Event "Open Aubagne 2022/2023"]
[Site "Aubagne"]
[Date "2023.03.25"]
[Round "8.19"]
[White "Peucelle, Richard"]
[Black "Burnel, Marie-France"]
[Result "1-0"]
[WhiteElo "1199"]
[BlackElo "1012"]
[PlyCount "89"]
[WhiteTeam "Cercle d'Echecs Aubagnais"]
[BlackTeam "Cercle d'Echecs Aubagnais"]

1. e4 e5 2. Nf3 Nc6 3. Bc4 h6 4. d4 exd4 5. Nxd4 Nxd4 6. Qxd4 d6 7. O-O c5 8.
Qd1 Nf6 9. Nc3 a6 10. Re1 Bg4 11. Qd3 Qd7 12. Qg3 Be6 13. Bd2 Nh5 14. Qf3 Bxc4
15. Qxh5 g6 16. Qf3 Be6 17. Ne2 Bg4 18. Qg3 h5 19. Nf4 h4 20. Qe3 h3 21. f3
Bxf3 22. g3 Bg4 23. Bc3 Rg8 24. Qf2 O-O-O 25. Qf1 Qc6 26. Nxh3 f5 27. Qg2 c4
28. Ng5 Qc5+ 29. Qf2 Qc6 30. Bf6 Re8 31. exf5 Rxe1+ 32. Rxe1 gxf5 33. a3 Bh6
34. Nf7 Bg7 35. Re7 Bxf6 36. Re1 Bxb2 37. Qa7 Rf8 38. Qa8+ Kc7 39. Qxf8 Bd4+
40. Kf1 Bh3+ 41. Ke2 Qg2+ 42. Kd1 Bg4+ 43. Kc1 Qf3 44. Qxd6+ Kc8 45. Qd8# 1-0

[Event "Open Aubagne 2022/2023"]
[Site "Aubagne"]
[Date "2023.03.25"]
[Round "8.20"]
[White "Gregot, Adrien"]
[Black "Duconseille, Doriane"]
[Result "0-1"]
[WhiteElo "1099"]
[BlackElo "1100"]
[PlyCount "60"]
[WhiteTeam "La Ciotat Echecs (LCE)"]
[BlackTeam "Echiquier Marseillais 1872"]

1. e4 c5 2. d4 cxd4 3. Qxd4 Nc6 4. Qe3 d6 5. Nf3 g6 6. Nc3 Bg7 7. Bd2 Nf6 8. h3
O-O 9. Bb5 a6 10. Bxc6 bxc6 11. O-O Bb7 12. Rfe1 Qc7 13. a3 Rfd8 14. b4 d5 15.
e5 Nd7 16. Ne2 Nxe5 17. Rad1 Nc4 18. Qb3 Nxd2 19. Nxd2 e5 20. Ng3 Rac8 21. c4
dxc4 22. Nxc4 c5 23. Rxd8+ Rxd8 24. Qe3 Qc6 25. f3 e4 26. Na5 Qc7 27. Nxe4 Bd4
28. Nf6+ Kg7 29. Qxd4 cxd4 30. Re8 Kxf6 0-1

[Event "Open Aubagne 2022/2023"]
[Site "Aubagne"]
[Date "2023.03.25"]
[Round "8.22"]
[White "Periale, Francine"]
[Black "Gaudevin Dumas, Noa"]
[Result "1-0"]
[WhiteElo "1009"]
[BlackElo "1099"]
[PlyCount "65"]
[WhiteTeam "Cercle d'Echecs Aubagnais"]
[BlackTeam "La Ciotat Echecs (LCE)"]

1. d4 e5 2. dxe5 Bc5 3. e3 Nc6 4. Nf3 Nge7 5. Bc4 O-O 6. Nc3 d6 7. e6 fxe6 8.
Ng5 Nf5 9. Nxe6 Bxe6 10. Bxe6+ Kh8 11. Qd3 Ne5 12. Qe4 Nd4 13. exd4 Qe7 14.
dxc5 Qxe6 15. b3 dxc5 16. O-O Qh6 17. Bxh6 gxh6 18. Qxe5+ Kg8 19. Rae1 Rf7 20.
Qxc5 Kh8 21. Nd5 Rg8 22. Ne7 Rg6 23. Nxg6+ hxg6 24. Re8+ Kh7 25. Qd4 Rg7 26.
Rfe1 h5 27. R1e7 Kh6 28. Qxg7+ Kg5 29. Re5+ Kf4 30. Qf7+ Kg4 31. f3+ Kh4 32.
Re4+ Kg5 33. Qf4# 1-0

[Event "Open Aubagne 2022/2023"]
[Site "Aubagne"]
[Date "2023.03.03"]
[Round "8.23"]
[White "Lognos, Lina"]
[Black "Genta, Melina"]
[Result "0-1"]
[WhiteElo "1009"]
[BlackElo "1099"]
[PlyCount "86"]
[WhiteTeam "Cercle d'Echecs Aubagnais"]
[BlackTeam "La Ciotat Echecs (LCE)"]

1. d4 d5 2. Nf3 Nc6 3. Bf4 Nf6 4. e3 a6 5. c3 Bg4 6. Nbd2 e6 7. Be2 Bd6 8. Bg3
Bxg3 9. hxg3 Qd6 10. Qc2 O-O-O 11. Ng5 Rd7 12. Qb3 Bxe2 13. Kxe2 h6 14. Ngf3 e5
15. Nh4 Qe6 16. Nhf3 Qg4 17. Kd3 e4+ 18. Kc2 exf3 19. gxf3 Qg6+ 20. Kc1 Re8 21.
a4 Qd3 22. Qc2 Qxc2+ 23. Kxc2 Na5 24. Ra2 Kb8 25. b4 Nc4 26. Rb1 g5 27. Nxc4
dxc4 28. b5 a5 29. Rh1 Rh8 30. Raa1 g4 31. b6 gxf3 32. bxc7+ Rxc7 33. Rhb1 Ne4
34. Rb5 Nxf2 35. Rxa5 Re8 36. Kd2 Ng4 37. Rb1 Rxe3 38. Rbb5 f2 39. Ra6 f1=Q 40.
Rab6 Qe2+ 41. Kc1 Rxc3+ 42. Kb1 Qc2+ 43. Ka1 Ra3# 0-1

[Event "Open Aubagne 2022/2023"]
[Site "Aubagne"]
[Date "2023.05.06"]
[Round "9.1"]
[White "Madi, Chahinez"]
[Black "Espanet, Fabien"]
[Result "0-1"]
[WhiteElo "1475"]
[BlackElo "1605"]
[PlyCount "112"]
[WhiteTeam "Cercle d'Echecs Aubagnais"]
[BlackTeam "Cercle d'Echecs Aubagnais"]

1. e4 e5 2. Nf3 Nf6 3. d4 Nxe4 4. Nxe5 d6 5. Nf3 d5 6. Bd3 Bd6 7. O-O O-O 8.
Re1 Re8 9. Nbd2 Nxd2 10. Bxd2 Nd7 11. b3 Nf8 12. c4 c6 13. Qc2 Bg4 14. Ne5 Be6
15. h3 c5 16. dxc5 Bxc5 17. Rad1 Qb6 18. Bf4 Bd6 19. cxd5 Bxd5 20. Bxh7+ Nxh7
21. Rxd5 f6 22. Qc4 Qb4 23. Rxd6+ Qxc4 24. bxc4 fxe5 25. Rxe5 Rxe5 26. Bxe5 Nf8
27. Rd3 Rc8 28. Rg3 g6 29. Rc3 Ne6 30. g4 g5 31. Kg2 Rc5 32. Bd6 Rc6 33. Bb4
Nf4+ 34. Kh2 b6 35. Be7 Nd5 36. cxd5 Rxc3 37. d6 Rd3 38. Bxg5 Rxd6 39. h4 Rd5
40. a3 b5 41. Be7 a5 42. h5 Kf7 43. Bh4 b4 44. axb4 axb4 45. f3 b3 46. g5 b2
47. g6+ Kg7 48. Be1 b1=Q 49. Bc3+ Kg8 50. h6 Qc2+ 51. Kh3 Qxc3 52. h7+ Kg7 53.
Kg4 Rd4+ 54. f4 Qe3 55. Kh5 Qf3+ 56. Kg5 Qxf4+ 0-1

[Event "Open Aubagne 2022/2023"]
[Site "Aubagne"]
[Date "2023.05.06"]
[Round "9.2"]
[White "Madi, Mohammed"]
[Black "Roganova, Maxime"]
[Result "0-1"]
[WhiteElo "1419"]
[BlackElo "1791"]
[PlyCount "48"]
[WhiteTeam "Cercle d'Echecs Aubagnais"]
[BlackTeam "Cercle d'Echecs Aubagnais"]

1. e4 e5 2. Nf3 Nc6 3. Bb5 a6 4. Ba4 Nf6 5. O-O Be7 6. Re1 b5 7. Bb3 O-O 8. c3
d5 9. exd5 Nxd5 10. Nxe5 Nxe5 11. Rxe5 c6 12. Qe1 Bd6 13. Re2 Qh4 14. g3 Qh3
15. Bxd5 cxd5 16. d4 Bg4 17. Re3 f5 18. Qf1 Qh5 19. Re6 f4 20. Qe1 fxg3 21.
fxg3 Rae8 22. Re3 Bh3 23. Rxe8 Rxe8 24. Qd2 Qf3 0-1

[Event "Open Aubagne 2022/2023"]
[Site "Aubagne"]
[Date "2023.05.06"]
[Round "9.3"]
[White "Mouhieddine, Hocine"]
[Black "Tramarin, Matteo"]
[Result "0-1"]
[WhiteElo "1629"]
[BlackElo "1653"]
[PlyCount "64"]
[WhiteTeam "Echiquier Marseillais 1872"]
[BlackTeam "Cercle d'Echecs Aubagnais"]

1. e4 c5 2. c3 Nf6 3. e5 Nd5 4. d4 e6 5. c4 Nb6 6. d5 d6 7. exd6 exd5 8. Qe2+
Be6 9. f4 g6 10. cxd5 Nxd5 11. f5 gxf5 12. Qb5+ Qd7 13. Qxc5 Bxd6 14. Qd4 Rg8
15. Nf3 Nc6 16. Qa4 Rg4 17. Qb5 a6 18. Qd3 Ncb4 19. Qd1 Qc7 20. Na3 Nc3 21.
bxc3 Qxc3+ 22. Bd2 Qxa3 23. Rc1 Re4+ 24. Kf2 Nd3+ 25. Bxd3 Bc5+ 26. Rxc5 Qxc5+
27. Kf1 Bc4 28. Bxc4 Qxc4+ 29. Kf2 Qc5+ 30. Kg3 Rd8 31. Qa1 Rxd2 32. Qf6 Qf2+
0-1

[Event "Open Aubagne 2022/2023"]
[Site "Aubagne"]
[Date "2023.05.06"]
[Round "9.4"]
[White "Battaglia, Gerard"]
[Black "Ghazarian, David"]
[Result "0-1"]
[WhiteElo "1637"]
[BlackElo "1568"]
[PlyCount "142"]
[WhiteTeam "Echiquier Marseillais 1872"]
[BlackTeam "Cercle d'Echecs Aubagnais"]

1. d4 b6 2. e4 Bb7 3. Bd3 e6 4. Nf3 Nf6 5. Nbd2 c5 6. c3 Nc6 7. O-O Rc8 8. Re1
cxd4 9. cxd4 Nb4 10. Bb1 Qc7 11. a3 Nc2 12. Bxc2 Qxc2 13. Qxc2 Rxc2 14. d5 exd5
15. exd5+ Kd8 16. Nf1 Bc5 17. Be3 Bxd5 18. Bxc5 Rxc5 19. b4 Rc3 20. Nd4 Re8 21.
Ne3 g6 22. Nb5 Rc6 23. Nxa7 Rce6 24. Rac1 Bb7 25. Red1 Nd5 26. Nxd5 Bxd5 27.
Rc8+ Ke7 28. Rxe8+ Kxe8 29. Nb5 Rc6 30. a4 Bb3 31. Re1+ Be6 32. a5 bxa5 33.
bxa5 Kd8 34. Ra1 Ra6 35. f4 Bc4 36. Nd4 d5 37. Kf2 Kd7 38. Ke3 Kd6 39. Kd2 Kc5
40. Kc3 Ra7 41. g3 Re7 42. Rd1 Re3+ 43. Kb2 Kb4 44. Nc6+ Kb5 45. Ne5 Kxa5 46.
Nxf7 Re2+ 47. Kc3 Rxh2 48. Ne5 Ba2 49. Kd4 Re2 50. Rd3 Kb4 51. Nc6+ Kb5 52. Ne5
Re4+ 53. Kc3 Kc5 54. Nd7+ Kd6 55. Nf6 Re7 56. Kd4 h5 57. Ra3 Bc4 58. Nxd5 Bxd5
59. Ra6+ Bc6 60. Ra3 Re2 61. Ra5 Ke7 62. Rg5 Kf7 63. Kc5 Bd7 64. Kd4 Bf5 65.
Kd5 Ke7 66. Kc5 Kd7 67. Kd5 Kc7 68. Kc5 Rd2 69. Kc4 Kc6 70. Kc3 Rd8 71. Kc4 Kb6
0-1

[Event "Open Aubagne 2022/2023"]
[Site "Aubagne"]
[Date "2023.05.06"]
[Round "9.5"]
[White "Touaoula, Rachid"]
[Black "Cavanihac, Claude"]
[Result "1-0"]
[WhiteElo "1402"]
[BlackElo "1358"]
[PlyCount "51"]
[WhiteTeam "Echiquier Marseillais 1872"]
[BlackTeam "Cercle d'Echecs Aubagnais"]

1. e4 e5 2. Nf3 d6 3. d4 exd4 4. Nxd4 c5 5. Nf3 Nf6 6. Nc3 Be7 7. Bf4 Bg4 8. h3
Bxf3 9. gxf3 Nbd7 10. Bxd6 O-O 11. Qd2 Bxd6 12. Qxd6 Re8 13. O-O-O Re6 14. Qg3
a6 15. Bc4 Re5 16. Rhg1 g6 17. Rge1 b5 18. Bd5 Rb8 19. f4 Re7 20. f5 Kg7 21. e5
Nh5 22. f6+ Nhxf6 23. exf6+ Nxf6 24. Rxe7 Nxd5 25. Nxd5 Rc8 26. Qe5+ 1-0

[Event "Open Aubagne 2022/2023"]
[Site "Aubagne"]
[Date "2023.05.06"]
[Round "9.6"]
[White "Vrillet, Loan"]
[Black "Pretini, Augustin"]
[Result "1-0"]
[WhiteElo "1337"]
[BlackElo "1302"]
[PlyCount "65"]
[WhiteTeam "Cercle d'Echecs Aubagnais"]
[BlackTeam "Cercle d'Echecs Aubagnais"]

1. e4 e5 2. Nf3 Nc6 3. d4 d6 4. dxe5 dxe5 5. Qxd8+ Kxd8 6. Be3 Nf6 7. Nc3 Bb4
8. O-O-O+ Ke7 9. Nd5+ Nxd5 10. exd5 e4 11. Ng5 Ne5 12. Bf4 f6 13. Nxe4 Bg4 14.
Rd4 Ng6 15. Bxc7 f5 16. d6+ Kd7 17. Bb5+ Kc8 18. Rxb4 fxe4 19. Rxe4 Bf5 20. Rc4
a6 21. Ra4 Rf8 22. Rd1 Bd7 23. Bxd7+ Kxd7 24. f3 Rf6 25. h4 Ne5 26. Re1 Nf7 27.
Re7+ Kc6 28. Rc4+ Kd5 29. b3 b5 30. Rc3 h5 31. b4 g6 32. Rc5+ Kd4 33. Re4# 1-0

[Event "Open Aubagne 2022/2023"]
[Site "Aubagne"]
[Date "2023.05.06"]
[Round "9.7"]
[White "Evrard, Nicolas"]
[Black "Madi, Walid"]
[Result "0-1"]
[WhiteElo "1282"]
[BlackElo "1315"]
[PlyCount "134"]
[WhiteTeam "Salon Nostradamus"]
[BlackTeam "Cercle d'Echecs Aubagnais"]

1. c4 Nf6 2. Nf3 g6 3. Nc3 c6 4. g3 Bg7 5. d3 d5 6. e3 Bg4 7. h3 Bf5 8. g4 Bc8
9. d4 a6 10. Qb3 e6 11. Bd2 O-O 12. Be2 Ne8 13. O-O-O Nd7 14. h4 b6 15. h5 Qc7
16. Kb1 dxc4 17. Bxc4 Nd6 18. Bd3 Nf6 19. Ne5 gxh5 20. gxh5 h6 21. Rdg1 Nde8
22. e4 Kh8 23. Bf4 Qb7 24. Qc2 Rg8 25. Qd2 Kh7 26. Nf3 e5 27. Nxe5 Rf8 28. Nf3
Ng8 29. e5+ Kh8 30. Rg3 f5 31. Nh4 Kh7 32. Rhg1 Ra7 33. Qc2 Qd7 34. Be3 Qf7 35.
Ng6 Ne7 36. b3 Be6 37. Nf4 Bd5 38. Nh3 b5 39. Ng5+ hxg5 40. Rxg5 Ng8 41. Bxf5+
Kh8 42. f4 Bh6 43. Bg6 Qd7 44. R5g3 Ng7 45. Bd3 Be6 46. Rh3 Bxh3 47. Rxg7 Qxg7
48. d5 cxd5 49. Nxd5 Rd7 50. Be4 Rxd5 51. Bxd5 Bf5 52. Be4 Bxe4 53. Qxe4 Qh7
54. Qxh7+ Kxh7 55. Kc2 Bxf4 56. Bd4 Re8 57. e6 Rxe6 58. Kd3 Be5 59. Bxe5 Rxe5
60. Kd4 Rxh5 61. a4 Rh4+ 62. Kc3 b4+ 63. Kb2 Kg6 64. Kc2 Kf5 65. Kb2 Ke4 66.
Kc2 Rh2+ 67. Kd1 Ke3 0-1

[Event "Open Aubagne 2022/2023"]
[Site "Aubagne"]
[Date "2023.05.06"]
[Round "9.8"]
[White "Maggio, Lucas"]
[Black "Cotton, Paul"]
[Result "1-0"]
[WhiteElo "1292"]
[BlackElo "1304"]
[PlyCount "45"]
[WhiteTeam "Cercle d'Echecs Aubagnais"]
[BlackTeam "Cercle d'Echecs Aubagnais"]

1. d4 Nf6 2. c4 g6 3. f3 Bg7 4. e4 d6 5. Nc3 O-O 6. Be3 h6 7. Qd2 Kh7 8. O-O-O
Nbd7 9. Bd3 c5 10. Nge2 b6 11. g4 Ng8 12. h4 Ba6 13. h5 g5 14. e5+ Kh8 15. Bxg5
dxe5 16. d5 hxg5 17. h6 Nxh6 18. Qxg5 e6 19. Rxh6+ Kg8 20. Rh8+ Kxh8 21. Qh5+
Bh6+ 22. Qxh6+ Kg8 23. Qh7# 1-0

[Event "Open Aubagne 2022/2023"]
[Site "Aubagne"]
[Date "2023.05.06"]
[Round "9.9"]
[White "Gamblin, Vincent"]
[Black "Tramarin, Lucas"]
[Result "1-0"]
[WhiteElo "1475"]
[BlackElo "1216"]
[PlyCount "73"]
[WhiteTeam "L'Echiquier du Roy René"]
[BlackTeam "Cercle d'Echecs Aubagnais"]

1. c4 d6 2. e4 Nf6 3. Nc3 g6 4. d4 Bg7 5. Bd3 O-O 6. Bg5 Nbd7 7. Nge2 c6 8. Qd2
Qc7 9. Rc1 Re8 10. b4 e5 11. d5 c5 12. O-O a6 13. b5 b6 14. bxa6 Bxa6 15. Nb5
Bxb5 16. cxb5 Qa7 17. Ra1 Qa4 18. Nc3 Qa5 19. a4 Rec8 20. Bc4 Re8 21. Rfc1 Ra7
22. Qd3 Raa8 23. Bd2 Qa7 24. Nd1 Qc7 25. Ra3 Ra7 26. Rca1 Rea8 27. f3 Qb7 28.
Qc3 Ra5 29. Qc2 R5a7 30. Nb2 h5 31. Bf1 Kh7 32. Nc4 Ne8 33. Qc1 f6 34. a5 Kh8
35. Kh1 Kh7 36. Nxb6 Nxb6 37. axb6 1-0

[Event "Open Aubagne 2022/2023"]
[Site "Aubagne"]
[Date "2022.10.08"]
[Round "9.10"]
[White "Roman, Sylvian"]
[Black "Hassaine, Rachid"]
[Result "1-0"]
[WhiteElo "1262"]
[BlackElo "1368"]
[PlyCount "63"]
[WhiteTeam "Cercle d'Echecs Aubagnais"]
[BlackTeam "Cercle d'Echecs Aubagnais"]

1. d4 d5 2. Bf4 e6 3. Nf3 Ne7 4. e3 Ng6 5. Bg3 Bd6 6. Bd3 O-O 7. Nbd2 Nc6 8. c3
e5 9. e4 Nf4 10. Bxf4 exf4 11. e5 Be7 12. O-O f6 13. Qc2 h6 14. Rfe1 fxe5 15.
Bh7+ Kh8 16. Rxe5 Bf6 17. Re2 Bg4 18. Rae1 Bh5 19. Bg6 Bxg6 20. Qxg6 Ne7 21.
Qh5 Kh7 22. Rxe7 Bxe7 23. Ne5 Qe8 24. Qf3 c6 25. Qd3+ g6 26. Ndf3 Kg7 27. h3
Rf6 28. Ng4 Rd6 29. Qe2 h5 30. Qe5+ Kf8 31. Qh8+ Kf7 32. Nh6# 1-0

[Event "Open Aubagne 2022/2023"]
[Site "Aubagne"]
[Date "2023.05.06"]
[Round "9.11"]
[White "Hovaguimian, Gerard"]
[Black "Belaid, Noa"]
[Result "0-1"]
[WhiteElo "1362"]
[BlackElo "1158"]
[PlyCount "92"]
[WhiteTeam "Hay Chess"]
[BlackTeam "Cercle d'Echecs Aubagnais"]

1. d4 d5 2. Nf3 Nc6 3. e3 Nf6 4. c4 e6 5. Nc3 g6 6. Bd2 Bg7 7. Rc1 O-O 8. Be2
dxc4 9. Bxc4 a6 10. O-O b5 11. Be2 Bb7 12. a3 Ne7 13. b4 Qd6 14. Ne5 Rac8 15.
Bf3 Bxf3 16. Qxf3 Ned5 17. Ne4 Nxe4 18. Qxe4 Bxe5 19. dxe5 Qd7 20. Rfd1 Rfd8
21. Qc2 Nb6 22. e4 Qe8 23. Bg5 Rxd1+ 24. Rxd1 Nc4 25. Qc3 Qc6 26. f3 Ra8 27.
Kf1 h5 28. Bf6 Qb6 29. Rd3 c5 30. Qc1 Kh7 31. Qg5 cxb4 32. axb4 a5 33. Bd8 Qb7
34. Qf6 a4 35. Be7 Nxe5 36. Ra3 Qc7 37. Bc5 Nc4 38. Rc3 a3 39. Rxc4 bxc4 40.
Bd4 Rg8 41. g3 a2 42. Ke2 Qd7 43. Bc3 Qe8 44. Qd4 Qa4 45. h3 Qc2+ 46. Ke1 Qd3
0-1

[Event "Open Aubagne 2022/2023"]
[Site "Aubagne"]
[Date "2023.05.06"]
[Round "9.12"]
[White "Cescon, Moreno"]
[Black "Batel, Aedann"]
[Result "1-0"]
[WhiteElo "1561"]
[BlackElo "1199"]
[PlyCount "36"]
[WhiteTeam "Club d'Echecs Pennois (CEP)"]
[BlackTeam "La Ciotat Echecs (LCE)"]

1. e4 c5 2. Nc3 d6 3. f4 e6 4. Nf3 Nf6 5. Bb5+ Bd7 6. O-O Bxb5 7. Nxb5 a6 8.
Nc3 Nbd7 9. d3 Be7 10. Qe2 e5 11. fxe5 dxe5 12. Nd5 Nb6 13. Nxe7 Qxe7 14. Bg5
Qe6 15. Nh4 O-O 16. Bxf6 gxf6 17. Nf5 Na4 18. Qg4+ Kh8 1-0

[Event "Open Aubagne 2022/2023"]
[Site "Aubagne"]
[Date "2023.05.06"]
[Round "9.13"]
[White "Leonti, Denis"]
[Black "Autouard, Jean-Luc"]
[Result "1-0"]
[WhiteElo "1167"]
[BlackElo "1247"]
[PlyCount "76"]
[WhiteTeam "Hay Chess"]
[BlackTeam "Cercle d'Echecs Aubagnais"]

1. e4 c5 2. Nc3 d6 3. g3 Nf6 4. Bg2 e6 5. d3 Be7 6. Nge2 O-O 7. Bg5 Nc6 8. O-O
Bd7 9. f4 Ng4 10. Bxe7 Qxe7 11. Qd2 e5 12. Nd5 Qd8 13. f5 Nd4 14. Nxd4 cxd4 15.
Bh3 Ne3 16. Nxe3 dxe3 17. Qxe3 f6 18. c3 Bb5 19. Rf2 a6 20. d4 Qc7 21. Bf1 Bd7
22. dxe5 dxe5 23. Qd3 Bc6 24. Qe3 Kh8 25. Rd2 b5 26. Rad1 Rad8 27. Rxd8 Rxd8
28. Rxd8+ Qxd8 29. Qd3 Qa8 30. Bg2 h6 31. Qe3 a5 32. Kf2 b4 33. cxb4 axb4 34.
Qb3 Bxe4 35. Bxe4 Qxe4 36. Qf3 Qc2+ 37. Qe2 Qxf5+ 38. Kg2 e4 {Abandon} 1-0

[Event "Open Aubagne 2022/2023"]
[Site "Aubagne"]
[Date "2023.05.06"]
[Round "9.14"]
[White "Normand, Christophe"]
[Black "Peucelle, Richard"]
[Result "1-0"]
[WhiteElo "1236"]
[BlackElo "1199"]
[PlyCount "70"]
[WhiteTeam "Club d'Echecs Pennois (CEP)"]
[BlackTeam "Cercle d'Echecs Aubagnais"]

1. e4 e5 2. Nf3 Nc6 3. Bb5 a6 4. Ba4 Nf6 5. O-O Bc5 6. Qe2 O-O 7. c3 d6 8. d4
b5 9. Bc2 exd4 10. cxd4 Nxd4 11. Nxd4 Bxd4 12. Qd3 c5 13. Nc3 Re8 14. Bg5 Bb7
15. Rae1 Re5 16. Bxf6 Qxf6 17. Nd5 Bxd5 18. exd5 Rae8 19. Qxh7+ Kf8 20. Qh8+
Ke7 21. Rxe5+ Bxe5 22. Qh3 Kd8 23. Bf5 g6 24. Bc8 Qe7 25. g3 f5 26. Bxa6 Qa7
27. Bxb5 Re7 28. Re1 Qb7 29. Bc6 Qb4 30. Re2 Qc4 31. Rxe5 Qc1+ 32. Kg2 Rxe5 33.
Qh8+ Kc7 34. Qg7+ Kb6 35. Qb7+ Ka5 1-0

[Event "Open Aubagne 2022/2023"]
[Site "Aubagne"]
[Date "2023.05.06"]
[Round "9.15"]
[White "Nakle-Fambon, Gabriel"]
[Black "Boudet, Nicole"]
[Result "1-0"]
[WhiteElo "1228"]
[BlackElo "1129"]
[PlyCount "65"]
[WhiteTeam "La Ciotat Echecs (LCE)"]
[BlackTeam "Club d'Echecs Pennois (CEP)"]

1. c4 Nf6 2. Nc3 e5 3. d3 Bb4 4. Nf3 Nc6 5. a3 Bxc3+ 6. bxc3 h6 7. g3 d5 8.
cxd5 Qxd5 9. Bg2 e4 10. Nd2 O-O 11. Nxe4 Nxe4 12. Bxe4 Qe5 13. Qc2 Bh3 14. Bf4
Qa5 15. Rg1 Nd4 16. Qb2 Rab8 17. g4 Nb5 18. Bd2 Nd6 19. Rg3 Nxe4 20. dxe4 Qe5
21. Rxh3 Qxe4 22. f3 Qe6 23. c4 b6 24. Bc3 f6 25. O-O-O Qe3+ 26. Qd2 Qc5 27.
Qb2 b5 28. Rd4 Qg5+ 29. Bd2 Qc5 30. e3 bxc4 31. Bb4 Qg5 32. Qc3 Rfe8 33. Qxc4+
1-0

[Event "Open Aubagne 2022/2023"]
[Site "Aubagne"]
[Date "2023.05.06"]
[Round "9.16"]
[White "Duconseille, Doriane"]
[Black "Rocchia, Alex"]
[Result "0-1"]
[WhiteElo "1126"]
[BlackElo "1216"]
[PlyCount "74"]
[WhiteTeam "Echiquier Marseillais 1872"]
[BlackTeam "Cassis Echecs"]

1. d4 Nf6 2. Bf4 d6 3. h3 g6 4. Nf3 Bg7 5. e3 Bf5 6. Be2 Nc6 7. c3 Qc8 8. Qb3
a6 9. Bc4 e6 10. Be2 Na5 11. Qa4+ Nc6 12. Nbd2 O-O 13. O-O b5 14. Qd1 Re8 15.
Nh4 e5 16. Bh2 Be4 17. Nxe4 Nxe4 18. Bf3 f5 19. Bxe4 fxe4 20. dxe5 Nxe5 21.
Qd5+ Qe6 22. Qxe4 Qf6 23. Qd5+ Kh8 24. b3 Qxh4 25. Bg3 Qg5 26. Bxe5 Qxe5 27.
Qf7 Re7 28. Qf3 Ree8 29. Rac1 Qe7 30. c4 Qd7 31. Rfd1 Rf8 32. Qe2 Qf7 33. f3 b4
34. c5 dxc5 35. Rxc5 Rfe8 36. Qd3 Qe7 37. Kf2 Qxc5 0-1

[Event "Open Aubagne 2022/2023"]
[Site "Aubagne"]
[Date "2023.05.06"]
[Round "9.17"]
[White "Innocenti, Georges"]
[Black "Belaid, Myriam"]
[Result "1-0"]
[WhiteElo "1041"]
[BlackElo "1199"]
[PlyCount "37"]
[WhiteTeam "Cercle d'Echecs Aubagnais"]
[BlackTeam "Cercle d'Echecs Aubagnais"]

1. e4 e5 2. Nf3 Nc6 3. d4 f6 4. dxe5 Nxe5 5. Nxe5 fxe5 6. Qh5+ Ke7 7. Qxe5+ Kf7
8. Bc4+ d5 9. Bxd5+ Qxd5 10. Qxd5+ Be6 11. Qh5+ Ke7 12. Bg5+ Nf6 13. Bxf6+ gxf6
14. Qh4 Bg7 15. O-O Rad8 16. Nc3 Kd7 17. Rad1+ Kc8 18. Qg3 Rhg8 19. Nb5 1-0

[Event "Open Aubagne 2022/2023"]
[Site "Aubagne"]
[Date "2023.05.06"]
[Round "9.18"]
[White "Beneddra, Nassim"]
[Black "Periale, Francine"]
[Result "1-0"]
[WhiteElo "1186"]
[BlackElo "1009"]
[PlyCount "61"]
[WhiteTeam "Echiquier Marseillais 1872"]
[BlackTeam "Cercle d'Echecs Aubagnais"]

1. e4 e6 2. d4 Nf6 3. e5 Nd5 4. Nf3 c6 5. Bc4 b5 6. Bb3 Be7 7. O-O O-O 8. Nbd2
d6 9. Re1 Nd7 10. exd6 Bxd6 11. Ne4 Bc7 12. c3 Ba5 13. Bg5 f6 14. Bd2 Bc7 15.
Ng3 N7b6 16. a4 Nf4 17. Bxf4 Bxf4 18. Bxe6+ Bxe6 19. Rxe6 Rc8 20. axb5 Bxg3 21.
hxg3 cxb5 22. Qb3 a6 23. Rd6+ Kh8 24. Rxd8 Rcxd8 25. Rxa6 Rb8 26. Qxb5 Nd7 27.
Qxd7 Rbd8 28. Qf5 Rf7 29. Rc6 Re8 30. Rc8 g6 31. Rxe8+ 1-0

[Event "Open Aubagne 2022/2023"]
[Site "Aubagne"]
[Date "2023.05.06"]
[Round "9.19"]
[White "Burnel, Marie-France"]
[Black "Periale, Albert"]
[Result "0-1"]
[WhiteElo "1012"]
[BlackElo "1202"]
[PlyCount "66"]
[WhiteTeam "Cercle d'Echecs Aubagnais"]
[BlackTeam "Cercle d'Echecs Aubagnais"]

1. c4 e5 2. Nc3 Nf6 3. g3 c6 4. Bg2 Bb4 5. e3 d6 6. Nge2 O-O 7. O-O Be6 8. b3
Re8 9. d4 exd4 10. exd4 d5 11. cxd5 Nxd5 12. Nxd5 Bxd5 13. f3 Nd7 14. Nf4 Nf6
15. Bb2 Ba5 16. Nxd5 Nxd5 17. Qd3 Ne3 18. Rfe1 Bxe1 19. Rxe1 Nxg2 20. Rxe8+
Qxe8 21. Kxg2 Rd8 22. Kh3 Rd5 23. g4 g6 24. Kg3 c5 25. h4 b6 26. h5 gxh5 27.
gxh5 Rxh5 28. dxc5 Rg5+ 29. Kf4 Rg6 30. cxb6 axb6 31. Be5 Re6 32. Bc7 Qc6 33.
Bd8 Rd6 0-1

[Event "Open Aubagne 2022/2023"]
[Site "Aubagne"]
[Date "2023.05.06"]
[Round "9.20"]
[White "Turpin, Isabelle"]
[Black "Pouliquen, Gilbert"]
[Result "0-1"]
[WhiteElo "1096"]
[BlackElo "1163"]
[PlyCount "80"]
[WhiteTeam "Cercle d'Echecs Aubagnais"]
[BlackTeam "Echiquier Marseillais 1872"]

1. d4 Nf6 2. c4 e6 3. Nc3 c5 4. d5 exd5 5. cxd5 d6 6. e4 g6 7. Qe2 Nbd7 8. Bg5
Bg7 9. Nf3 O-O 10. Qe3 Re8 11. Bd3 Qb6 12. b3 Ng4 13. Qd2 Qa5 14. Rc1 a6 15. h3
Nge5 16. Nxe5 Nxe5 17. Bh6 Bh8 18. Be2 b5 19. Qe3 c4 20. O-O cxb3 21. axb3 Nd7
22. Bf4 Nc5 23. Bxd6 Nxb3 24. Rc2 Nd4 25. e5 Nxc2 26. Qf3 Nd4 27. Qf4 Nxe2+ 28.
Nxe2 Bf5 29. Nd4 Bd3 30. e6 f6 31. Be5 Bxf1 32. Bxf6 Rf8 33. Qh6 Bxf6 34. e7
Bxd4 35. exf8=Q+ Rxf8 36. d6 Bc4 37. Qh4 Qa1+ 38. Kh2 Be5+ 39. g3 Bxd6 40. Kg2
Qf1+ 0-1